000 00465nam a2200181Ia 4500
005 20250423100804.0
008 250422s9999 xx 000 0 und d
020 _a978-978-8431-02-2
050 _aHC 800 .M36/
100 _aMangachi, Msuya Waldi
245 0 _aRegional integration in Africa : East African experience
260 _aIbadan
260 _bSafari Books Ltd.
260 _c2011
300 _a276 p
650 _aPolitical Science
942 _cBK
999 _c34343
_d34343